书目信息 |
| 题名: |
硫酸钙晶须制备与性能机理研究
|
|
| 作者: | 马林转 著 | |
| 分册: | ||
| 出版信息: | 北京 科学出版社 2017.06 |
|
| 页数: | 102页 | |
| 开本: | 26cm | |
| 丛书名: | ||
| 单 册: | ||
| 中图分类: | O784 | |
| 科图分类: | ||
| 主题词: | 晶体生长 | |
| 电子资源: | ||
| ISBN: | 978-7-03-053635-8 | |
| 000 | 00581nam0 2200193 450 | |
| 001 | 1958715600 | |
| 005 | 20191018162037.10 | |
| 010 | @a978-7-03-053635-8@dCNY46.00 | |
| 100 | @a20191018d2017 km y0chiy0120 ea | |
| 101 | 0 | @achi |
| 102 | @aCN@b110000 | |
| 200 | 1 | @a硫酸钙晶须制备与性能机理研究@Aliu suan gai jing xu zhi bei yu xing neng ji li yan jiu@f马林转著@Fma lin zhuan zhu |
| 210 | @a北京@c科学出版社@d2017.06 | |
| 215 | @a102页@d26cm | |
| 606 | 0 | @a晶体生长 |
| 690 | @aO784@v4 | |
| 701 | 0 | @a马林转@Ama lin zhuan@4著 |
| 801 | 0 | @aCN@bMUSE@c20191018 |
| 905 | @aMUSE@dO784@eM100 | |
| 硫酸钙晶须制备与性能机理研究/马林转著.-北京:科学出版社,2017.06 |
| 102页;26cm |
| ISBN 978-7-03-053635-8:CNY46.00 |
| ● |
| 相关链接 |
|
|
|
正题名:硫酸钙晶须制备与性能机理研究
索取号:O784/M100
 
预约/预借
| 序号 | 登录号 | 条形码 | 馆藏地/架位号 | 状态 | 备注 |
| 1 | 1239832 | 212398323 | 材料与化工学院资料室/ [索取号:O784/M100] | 在馆 |